000 00825cam a2200253 i 4500
999 _c130566
_d130566
001 18595044
003 ARRUPE
005 20201028115049.0
008 150428s1976 njua 000 0 eng
010 _a 2014450605
040 _aDLC
_beng
_erda
_cDLC
_dDLC
042 _apcc
043 _an-us-ny
050 0 0 _aBX5080.T54 H741
100 _aHollings, Michael
_950042
245 0 0 _aTherese of Lisieux.
_cMichael Hollings
260 _aOxford
_bCollins Fount Paperbags
_c1982
300 _a62p. :
_c20 cm.
610 2 0 _aSt. Therese of Lisieux
_950043
651 0 _aBrooklyn (New York, N.Y.)
_xChurch history.
_950044
906 _a7
_bcbc
_corignew
_d2
_encip
_f20
_gy-gencatlg
942 _2lcc
_cMONOGRAPH